| 000 | 01005nas a2200325 4500 | ||
|---|---|---|---|
| 001 | BR0901612 | ||
| 003 | BR-BrBNA | ||
| 005 | 20231205112615.0 | ||
| 007 | ta | ||
| 008 | 230509b bl.|||p| |||| 00| 00por d | ||
| 040 |
_aBR-BrBNA _bpor _cBiblioteca Nacional de Agricultura |
||
| 041 | _a(Pt) | ||
| 072 | _aF61; F02 | ||
| 100 | 1 | _aDavid, M.A. | |
| 100 | 1 | _aMendonça, V. | |
| 100 | 1 | _aReis, L.L. dos | |
| 100 | 1 | _aSilva, E.A. da | |
| 100 | 1 | _aTosta, M. da S. | |
| 100 | 1 | _aFreire, P. de A. | |
| 245 | 1 | _aEfeito de doses de superfosfato simples e de materia organica sobre o crescimento de mudas de maracujazeiro 'Amarelo' | |
| 650 | _aMARACUJA | ||
| 650 | _aSUPERFOSFATO SIMPLES | ||
| 650 | _aMATERIA ORGANICA | ||
| 650 | _aCRESCIMENTO | ||
| 650 | _aMUDA | ||
| 650 | _aPROPAGAÇÃO VEGETATIVA | ||
| 773 | 0 |
_tPesquisa Agropecuaria Tropical (Brazil) _xISSN 1517-6398 _g(Jul-Sep 2008), v. 38(3) p. 147-152 _wBR0901612 |
|
| 909 |
_a202311 _bLúcia _c55 _dLúcia Elande |
||
| 942 |
_2AGRIS _n0 _cANA |
||
| 999 |
_c198934 _d198934 |
||